Statistics for eSports: LoL - Can you name all the champions

Click here to take the quiz!

General Stats

  • This quiz has been taken 815 times
    (809 since last reset)
  • The average score is 63 of 134

Answer Stats

Champion Name% Correct
Aatrox
83%
Yasuo
78%
Zed
78%
Ahri
76%
Ashe
76%
Darius
75%
Garen
75%
Akali
74%
Annie
74%
Alistar
67%
Blitzcrank
66%
Caitlyn
66%
Jinx
65%
Lux
65%
Draven
63%
Katarina
63%
Teemo
63%
Anivia
61%
Braum
61%
Master Yi
61%
Amumu
60%
Lee Sin
60%
Vi
60%
Brand
59%
Morgana
59%
Ezreal
58%
Jhin
58%
Azir
57%
Kha'Zix
57%
Lulu
57%
Thresh
57%
Miss Fortune
56%
Vayne
56%
Bard
54%
Irelia
54%
Lucian
53%
Nasus
53%
Tristana
53%
Warwick
52%
Cho'Gath
51%
Jax
51%
Leona
51%
Renekton
51%
Soraka
51%
Zyra
51%
Fizz
48%
Rengar
48%
Graves
47%
Janna
47%
Nautilus
47%
Nunu
47%
Aurelion Sol
46%
Fiora
46%
Kayle
46%
Malphite
46%
Zac
46%
Dr. Mundo
45%
Gangplank
45%
Gragas
45%
Jarvan IV
45%
Kassadin
45%
LeBlanc
45%
Mordekaiser
45%
Nami
45%
Heimerdinger
44%
Sivir
44%
Sona
44%
Veigar
44%
Xerath
44%
Corki
43%
Diana
43%
Ekko
43%
Hecarim
43%
Maokai
43%
Riven
43%
Syndra
43%
Karthus
42%
Lissandra
42%
Rek'Sai
42%
Ryze
42%
Sion
42%
Urgot
42%
Zilean
42%
Elise
41%
Jayce
41%
Kog'Maw
41%
Xin Zhao
41%
Ziggs
41%
Cassiopeia
40%
Kennen
40%
Varus
40%
Vel'Koz
40%
Evelynn
39%
Galio
39%
Gnar
39%
Olaf
39%
Orianna
39%
Poppy
39%
Rammus
39%
Sejuani
39%
Shen
39%
Twisted Fate
39%
Twitch
39%
Yorick
39%
Kalista
38%
Swain
38%
Talon
38%
Tryndamere
38%
Volibear
38%
Camille
37%
Illaoi
37%
Karma
37%
Pantheon
37%
Taric
37%
Ivern
36%
Malzahar
36%
Nidalee
36%
Viktor
36%
Rumble
35%
Vladimir
35%
Nocturne
34%
Singed
34%
Shaco
33%
Udyr
33%
Fiddlesticks
32%
Kindred
32%
Kled
32%
Quinn
32%
Trundle
31%
Wukong
31%
Tahm Kench
29%
Shyvana
28%
Skarner
27%
Taliyah
22%

Score Distribution

Percentile by Number Answered

Percent of People with Each Score

Your Score History

You have not taken this quiz since the last reset